Legislatívne zmeny v oblasti daní účinné od 1. 1. 2024
Zmeny v zákone o dani z pridanej hodnoty. Zmeny zavedené tzv. konsolidačným balíčkom v zákone o dani z príjmov. Novelizácia úrokových nákladov v zákone o dani z príjmov. Zdaňovanie príjmov športových odborníkov od 1. 1. 2024. Reforma stavebnej legislatívy a jej vplyv na daňové odpisy pre vybrané dru...
Gespeichert in:
| 1. Verfasser: | |
|---|---|
| Format: | Buchkapitel |
| Sprache: | Slowakisch |
| Schlagworte: | |
| Tags: |
Keine Tags, Fügen Sie das erste Tag hinzu!
|
MARC
| LEADER | 00000naa a2200000 4500 | ||
|---|---|---|---|
| 001 | 0299789 | ||
| 005 | 20240417075309.4 | ||
| 041 | 0 | |a slo | |
| 044 | |a SK | ||
| 245 | 1 | 0 | |a Legislatívne zmeny v oblasti daní účinné od 1. 1. 2024 |c Katarína Jašurková |
| 520 | |a Zmeny v zákone o dani z pridanej hodnoty. Zmeny zavedené tzv. konsolidačným balíčkom v zákone o dani z príjmov. Novelizácia úrokových nákladov v zákone o dani z príjmov. Zdaňovanie príjmov športových odborníkov od 1. 1. 2024. Reforma stavebnej legislatívy a jej vplyv na daňové odpisy pre vybrané druhy stavieb. Premeny obchodných spoločností. Pomoc pri splácaní úveru na bývanie a daňový bonus na zaplatené úroky. Zákon o dorovnávacej dani z príjmov právnickej osoby. Novela zákona o osobitnom odvode z podnikania v regulovaných odvetviach. Zmeny v zákone o zdravotnom poistení. Zmeny v zákone o starobnom dôchodkovom sporení. Zmena v zákone o štátnych sviatkoch. Novela zákona o solidárnom príspevku. Spotrebné dane (dane na alkoholický nápoj, dane z tabaku). | ||
| 610 | 2 | 0 | |a účtovníctvo daňové |
| 610 | 2 | 0 | |a dane z príjmov |
| 610 | 2 | 0 | |a dane z hodnoty pridanej |
| 610 | 2 | 0 | |a dane zo stavieb |
| 610 | 2 | 0 | |a dane spotrebné |
| 610 | 2 | 0 | |a sadzby daňové |
| 610 | 2 | 0 | |a reformy daňové |
| 610 | 2 | 0 | |a zákony |
| 610 | 2 | 0 | |a legislatíva |
| 610 | 2 | 0 | |a novelizácia |
| 100 | 1 | |a Jašurková, Katarína | |